Library Banner

Total knee arthroplasty / (Record no. 136918)

MARC details
000 -LEADER
fixed length control field 00527cam a22001694a 4500
001 - CONTROL NUMBER
control field 13858248
005 - DATE AND TIME OF LATEST TRANSACTION
control field 20250218100002.0
008 - FIXED-LENGTH DATA ELEMENTS--GENERAL INFORMATION
fixed length control field 050201s2005 paua 000 0 eng
020 ## - INTERNATIONAL STANDARD BOOK NUMBER
International Standard Book Number 9783319366487
040 ## - CATALOGING SOURCE
Transcribing agency PK-LaUMT
082 00 - DEWEY DECIMAL CLASSIFICATION NUMBER
Classification number 617.5820592
Edition number 22
Item number TOT-
245 00 - TITLE STATEMENT
Title Total knee arthroplasty /
Statement of responsibility, etc edited by E. Carlos Rodriguez-Merchan and Sam Oussedik
260 ## - PUBLICATION, DISTRIBUTION, ETC. (IMPRINT)
Place of publication, distribution, etc New York :
Name of publisher, distributor, etc Springer Cham Heidelberg,
Date of publication, distribution, etc 2015
300 ## - PHYSICAL DESCRIPTION
Extent 286 p. :
Other physical details ill. ;
Dimensions 29 cm. +
Accompanying material 1 DVD.
650 #0 - SUBJECT ADDED ENTRY--TOPICAL TERM
Topical term or geographic name as entry element Total knee replacement.
942 ## - ADDED ENTRY ELEMENTS (KOHA)
Koha item type Books
Holdings
Withdrawn status Lost status Damaged status Home library Current library Date acquired Full call number Barcode Date last seen Price effective from Koha item type
      UMT Health Sciences Campus UMT Health Sciences Campus 2025-02-18 617.5820592 TOT- 148802 2025-02-18 2025-02-18 Books